Hồ Chí Minh với chiến lược đoàn kết quốc tế trong cách mạng giải phóng dân tộc
Trình bày các vấn đề về xây dựng mối quan hệ đoàn kết giữa phong trào giải phóng dân tộc và phong trào cách mạng vô sản quốc tế; Kết hợp đoàn kết dân tộc và đoàn kết quốc tế nhằm mục tiêu độc lập tự do cho nhân dân Việt Nam; Nhữn...
Spremljeno u:
| Glavni autor: | |
|---|---|
| Format: | Knjiga |
| Jezik: | Undetermined |
| Izdano: |
Hà Nội
Chính trị Quốc gia
2010
|
| Teme: | |
| Oznake: |
Dodaj oznaku
Bez oznaka, Budi prvi tko označuje ovaj zapis!
|
| Thư viện lưu trữ: | Trung tâm Học liệu Trường Đại học Cần Thơ |
|---|
| LEADER | 01293nam a2200229Ia 4500 | ||
|---|---|---|---|
| 001 | CTU_197028 | ||
| 008 | 210402s9999 xx 000 0 und d | ||
| 020 | |c 61000 | ||
| 082 | |a 324.2075092 | ||
| 082 | |b Y254 | ||
| 100 | |a Lê, Văn Yên | ||
| 245 | 0 | |a Hồ Chí Minh với chiến lược đoàn kết quốc tế trong cách mạng giải phóng dân tộc | |
| 245 | 0 | |c Lê Văn Yên | |
| 260 | |a Hà Nội | ||
| 260 | |b Chính trị Quốc gia | ||
| 260 | |c 2010 | ||
| 520 | |a Trình bày các vấn đề về xây dựng mối quan hệ đoàn kết giữa phong trào giải phóng dân tộc và phong trào cách mạng vô sản quốc tế; Kết hợp đoàn kết dân tộc và đoàn kết quốc tế nhằm mục tiêu độc lập tự do cho nhân dân Việt Nam; Những quan điểm cơ bản và giá trị thực tiến của chiến lược đoàn kết quốc tế Hồ Chí Minh. | ||
| 650 | |a Trung tâm Học liệu ĐH Cần Thơ,Communist parties,Communist ethics | ||
| 650 | |x Đạo đức Hồ Chí Minh | ||
| 650 | |z Vietnam,Vietnam | ||
| 904 | |i Năm | ||
| 980 | |a Trung tâm Học liệu Trường Đại học Cần Thơ | ||